banner-ar

DIALOGOS DEL ARTE MEXICANO : (Record no. 4748)

MARC details
000 -الفاتح
حقل البيانات ثابتة الطول 00545nam a2200181Ia 4500
008 - عناصر البيانات ثابتة الطول - معلومات عامة
حقل البيانات ثابتة الطول 140319s9999 xx 000 0 aSpa d
040 ## - مصدر الفهرسة
وكالة الفهرسة الأصلية GCL /
وكالة النسخ GCL
082 04 - رقم تصنيف ديوى العشرى
رقم التصنيف 709.972
رقم المادة V D
100 1# - المدخل الرئيسى - إسم شخصى
الإسم الشخصى VARGAS, ISMAEL
245 10 - بيان العنوان
العنوان DIALOGOS DEL ARTE MEXICANO :
بقية العنوان COLECCION DE ARTE POPULAR = COLLECTION OF POPULAR ART CIGARRERA /
بيان المسئوليه,etc VARGAS, ISMAEL
700 1# - المدخل الاضافى - اسم شخصى
الإسم الشخصى ORDONEZ, SYLVIA
260 ## - PUBLICATION, DISTRIBUTION, ETC. (IMPRINT)
تاريخ النشر أو التوزيع 1994
300 ## - الوصف المادى
التعداد 237 P
تفاصيل ماديه اخرى للوعاء ILL. ؛
أبعاد الوعاء 28 cm.
650 04 - المدخل الاضافى بالموضوع-مصطلح موضوعى
مصطلح موضوعي ART
650 04 - المدخل الاضافى بالموضوع-مصطلح موضوعى
مصطلح موضوعي MEXICAN AMERICAN ART
942 ## - عناصر المدخل الإضافي( كوها)
مصدر التصنيف او مخطط الترفيف Dewey Decimal Classification
Koha [default] item type كتاب
260 ## - PUBLICATION, DISTRIBUTION, ETC. (IMPRINT)
-- المكسيك :
-- PULIM ،
Holdings
حالة التراجع حالة الفقد حالة تلف ليس للاعارة المكان المؤقت الموقع الحالى تاريخ الاكتساب اجمالي اﻻعارات رقم الطلب الباركود تاريخ اخر مشاهدة تاريخ تفعيل السعر نوع وعاء كوها
        مكتبة القاهرة الكبرى مكتبة القاهرة الكبرى 03/26/2014   709.972\V D 10677 03/26/2014 03/26/2014 كتاب

Powered By

EGPV